Scientific farm animal production an introduction to animal science

Saved in:
Bibliographic Details
Main Author: FIELD, Thomas Gordon
Format: Book
Language:English
Published: Thomas Gordon Field , 2012
Tags: Add Tag
No Tags, Be the first to tag this record!

MARC

LEADER 00000nam a22000007a 4500
008 201210b ||||| |||| 00| 0 eng d
020 |a ISBN: 978-81-203-4398-6 
100 |a FIELD, Thomas Gordon 
245 |a Scientific farm animal production  |b an introduction to animal science  |c Thomas Gordon Field  |g . xviii; 652p.; ill 
250 |b 10th ed 
260 |b Thomas Gordon Field  |c , 2012  |h  New Delhi  |i 683778  |l SF61 .F45  |m  Agric.  
500 |a “It includes index”. 
942 |a lcc  |c BK  |e Olagoke,M A  |f 10/12/2020 
952 |0 0  |1 0  |2 lcc  |4 0  |6 SF0061 F45  |7 0  |9 355  |a HOL  |b AG  |c QZ  |d 2020-12-10  |l 0  |o SF61 .F45  |p 2020-2090  |r 2020-12-10 00:00:00  |w 2020-12-10  |y BK 
999 |c 170  |d 170